[Event "Catalunya-chT Gp2"]
[Site "Barcelona"]
[Date "2024.01.27"]
[Round "2.10"]
[White "Bautista Sanchez, Joan"]
[Black "Lozano Casasayas, Marc"]
[Result "0-1"]
[WhiteElo "2059"]
[BlackElo "2046"]
[PlyCount "78"]
[EventDate "2024.01.20"]
[EventType "team-tourn"]
[EventRounds "7"]
[EventCountry "ESP"]
[SourceTitle "CB06_2024"]
[SourceDate "2024.02.07"]
[SourceVersion "1"]
[SourceVersionDate "2024.02.07"]
[SourceQuality "1"]
[WhiteTeam "Sant Andreu"]
[BlackTeam "Barbera"]
[WhiteTeamCountry "ESP"]
[BlackTeamCountry "ESP"]

1. Nf3 d5 2. c4 e6 3. e3 Nf6 4. Be2 Be7 5. b3 c5 6. Bb2 Nc6 7. d4 cxd4 8. exd4 0-0 9. 0-0 b6 10. Nc3 Bb7 11. Ne5 Bd6 12. Nb5 Bb8 13. Rc1 a6 14. Na3 Ne7 15. Bf3 Ng6 16. g3 Qe7 17. cxd5 Nxe5 18. dxe5 Nxd5 19. Nc4 b5 20. Na5 Rd8 21. Nxb7 Qxb7 22. Qc2 Ba7 23. Qc6 Qe7 24. Rfd1 Nb4 25. Qb7 Qxb7 26. Bxb7 Rab8 27. Rxd8+ Rxd8 28. a3 Nd3 29. Rd1 Bxf2+ 30. Kf1 Bb6 31. Bc1 Nc5 32. Rxd8+ Bxd8 33. Bc8 Nxb3 34. Be3 a5 35. Bd7 Be7 36. Bxb5 Bxa3 37. Ba4 Bc5 38. Bxb3 Bxe3 39. Ke2 Bd4 0-1

[Event "ESP-ch U16 rapid"]
[Site "Salobrena"]
[Date "2023.07.30"]
[Round "6"]
[White "Lozano Casasayas, Marc"]
[Black "Jaime Galeano, Alcher"]
[Result "0-1"]
[WhiteElo "1825"]
[BlackElo "1484"]
[PlyCount "64"]
[EventDate "2023.07.29"]
[EventType "swiss (rapid)"]
[EventRounds "9"]
[EventCountry "ESP"]
[SourceTitle "EXT 2024"]
[Source "ChessBase"]
[SourceDate "2023.10.10"]
[SourceVersion "1"]
[SourceVersionDate "2023.10.10"]
[SourceQuality "1"]

1. e4 e5 2. Nc3 Nf6 3. g3 Nc6 4. Bg2 Bc5 5. Nge2 d6 6. 0-0 Bg4 7. h3 Bh5 8. d3 Nd4 9. g4 Nxg4 10. hxg4 Bxg4 11. Be3 Nf3+ 12. Bxf3 Bxf3 13. Bxc5 Qh4 14. Ng3 Bxd1 15. Raxd1 dxc5 16. Nd5 0-0-0 17. Kg2 c6 18. Ne3 g6 19. Nc4 Qg5 20. Rg1 h5 21. Kf1 h4 22. Nf5 Qf6 23. Nfe3 h3 24. Ke2 Qh4 25. Rg4 Qh5 26. Kd2 h2 27. Rh1 f5 28. exf5 gxf5 29. Rg2 f4 30. Ng4 Qf5 31. Ncxe5 Rd5 32. Nc4 Qe4 0-1

[Event "ESP-ch U16 rapid"]
[Site "Salobrena"]
[Date "2023.07.30"]
[Round "9"]
[White "Torrente Gayarre, Lorenzo"]
[Black "Lozano Casasayas, Marc"]
[Result "1-0"]
[WhiteElo "1607"]
[BlackElo "1825"]
[PlyCount "57"]
[EventDate "2023.07.29"]
[EventType "swiss (rapid)"]
[EventRounds "9"]
[EventCountry "ESP"]
[SourceTitle "EXT 2024"]
[Source "ChessBase"]
[SourceDate "2023.10.10"]
[SourceVersion "1"]
[SourceVersionDate "2023.10.10"]
[SourceQuality "1"]

1. d4 d5 2. Nf3 c5 3. g3 cxd4 4. Bg2 Nc6 5. Nxd4 Nf6 6. 0-0 e5 7. Nxc6 bxc6 8. c4 Be6 9. Nc3 Be7 10. Qa4 0-0 11. Rd1 Qd6 12. Bg5 Rfd8 13. Bxf6 Bxf6 14. cxd5 cxd5 15. Nxd5 Bxd5 16. Bxd5 Qb6 17. Bxa8 Rxa8 18. Qb3 Qa6 19. Rd7 Qxe2 20. Rxf7 Kh8 21. Qd5 Rb8 22. Qd6 Rg8 23. Rf8 h6 24. Rxg8+ Kxg8 25. Qe6+ Kh7 26. Rc1 Qf3 27. g4 Qb7 28. Qf5+ Kg8 29. Qc8+ 1-0

[Event "ESP-ch U14 Rapid"]
[Site "Salobrena"]
[Date "2022.07.24"]
[Round "5"]
[White "Lozano Casasayas, Marc"]
[Black "Salord Guillen, Joan"]
[Result "1-0"]
[WhiteElo "1552"]
[BlackElo "1358"]
[PlyCount "87"]
[EventDate "2022.07.23"]
[EventType "swiss (rapid)"]
[EventRounds "9"]
[EventCountry "ESP"]
[SourceTitle "EXT 2023"]
[Source "ChessBase"]
[SourceDate "2022.10.05"]
[SourceVersion "1"]
[SourceVersionDate "2022.10.05"]
[SourceQuality "1"]

1. e4 c5 2. Nf3 d6 3. Bb5+ Bd7 4. Bxd7+ Qxd7 5. c4 Nc6 6. Nc3 Nf6 7. d4 cxd4 8. Nxd4 g6 9. h3 Bg7 10. Be3 0-0 11. 0-0 Rac8 12. b3 a6 13. Qd2 h6 14. Rad1 Kh7 15. Nd5 Nxd5 16. exd5 Nxd4 17. Bxd4 Qf5 18. Bxg7 Kxg7 19. Qd4+ Qf6 20. Qb6 Rb8 21. Rfe1 Rfe8 22. Re2 Kf8 23. Rde1 Qf5 24. Qe3 Kg7 25. Qd4+ Qf6 26. Qb6 Kf8 27. Qc7 Qg5 28. Rxe7 Rxe7 29. Qxb8+ Kg7 30. Rxe7 Qxe7 31. Kf1 Qe5 32. g3 Qf5 33. Qxd6 Qxh3+ 34. Kg1 Qf5 35. Qc5 h5 36. Qd4+ Kg8 37. d6 Qd7 38. Qe5 f5 39. Qf6 Qe8 40. Qd4 Qd7 41. Qd5+ Kg7 42. c5 f4 43. Qe5+ Kh7 44. Qe7+ 1-0

[Event "ESP-ch U14 Rapid"]
[Site "Salobrena"]
[Date "2022.07.23"]
[Round "3"]
[White "Lozano Casasayas, Marc"]
[Black "Colloridi, Catalina"]
[Result "0-1"]
[WhiteElo "1552"]
[BlackElo "1304"]
[PlyCount "54"]
[EventDate "2022.07.23"]
[EventType "swiss (rapid)"]
[EventRounds "9"]
[EventCountry "ESP"]
[SourceTitle "EXT 2023"]
[Source "ChessBase"]
[SourceDate "2022.10.05"]
[SourceVersion "1"]
[SourceVersionDate "2022.10.05"]
[SourceQuality "1"]

1. e4 c5 2. Nf3 g6 3. d4 cxd4 4. Nxd4 Nc6 5. c4 Nf6 6. Nc3 d6 7. Be2 Nxd4 8. Qxd4 Bg7 9. 0-0 0-0 10. Qd3 a5 11. h3 a4 12. a3 Be6 13. Be3 Qa5 14. Nd5 Bxd5 15. cxd5 Nd7 16. Bd4 Nc5 17. Bxc5 Qxc5 18. Rac1 Qd4 19. Qf3 Qxb2 20. Rb1 Qf6 21. Rxb7 Qxf3 22. Bxf3 Bf6 23. Rfb1 Rfc8 24. e5 Bxe5 25. Rxe7 Rab8 26. Rxb8 Rxb8 27. Ra7 Rb1+ 0-1

[Event "ESP-ch U14"]
[Site "Salobrena"]
[Date "2022.07.22"]
[Round "7"]
[White "Bergaretxe Gavalda, Unai"]
[Black "Lozano Casasayas, Marc"]
[Result "1/2-1/2"]
[WhiteElo "1660"]
[BlackElo "1822"]
[PlyCount "76"]
[EventDate "2022.07.18"]
[EventType "swiss"]
[EventRounds "9"]
[EventCountry "ESP"]
[SourceTitle "EXT 2023"]
[Source "ChessBase"]
[SourceDate "2022.10.05"]
[SourceVersion "1"]
[SourceVersionDate "2022.10.05"]
[SourceQuality "1"]

1. d4 d5 2. c4 dxc4 3. Nf3 Nf6 4. Nc3 a6 5. e3 b5 6. a4 b4 7. Nb1 e6 8. Bxc4 c5 9. 0-0 cxd4 10. Qxd4 Qxd4 11. Nxd4 Bd6 12. Nd2 Bb7 13. N2b3 Nc6 14. Nxc6 Bxc6 15. Nd4 Bb7 16. f3 Rc8 17. Bd3 0-0 18. Bd2 Rfd8 19. Be2 Bc5 20. Rac1 Nd5 21. Kf2 Nxe3 22. Bxe3 Bxd4 23. Bxd4 Rxd4 24. Rxc8+ Bxc8 25. Rc1 Bd7 26. Ke3 e5 27. Bxa6 Kf8 28. Rc4 Rxc4 29. Bxc4 Bxa4 30. Ke4 f6 31. Kd5 Ke7 32. Kc5 g5 33. Kxb4 Bd7 34. Kc5 g4 35. b4 gxf3 36. gxf3 f5 37. b5 e4 38. fxe4 Bxb5 1/2-1/2

[Event "ESP-ch U14"]
[Site "Salobrena"]
[Date "2022.07.21"]
[Round "6"]
[White "Lozano Casasayas, Marc"]
[Black "Colloridi, Catalina"]
[Result "1-0"]
[WhiteElo "1822"]
[BlackElo "1515"]
[PlyCount "115"]
[EventDate "2022.07.18"]
[EventType "swiss"]
[EventRounds "9"]
[EventCountry "ESP"]
[SourceTitle "EXT 2023"]
[Source "ChessBase"]
[SourceDate "2022.10.05"]
[SourceVersion "1"]
[SourceVersionDate "2022.10.05"]
[SourceQuality "1"]

1. e4 c5 2. Nf3 g6 3. d4 cxd4 4. Nxd4 Nc6 5. c4 Nf6 6. Nc3 d6 7. Be3 Ng4 8. Nxc6 bxc6 9. Bd4 e5 10. Be3 Nxe3 11. fxe3 Bh6 12. Qd2 Be6 13. Rd1 Bg4 14. Be2 Bxe2 15. Nxe2 Qh4+ 16. Ng3 Rd8 17. 0-0 0-0 18. Rf3 Qg4 19. Nf5 Bg7 20. Nxd6 Qe6 21. b3 Rfe8 22. c5 Bf8 23. Qb4 Rd7 24. Rdf1 Bxd6 25. Rf6 Rb8 26. Rxe6 Rxb4 27. Rxd6 Rxd6 28. cxd6 Rb8 29. Rc1 Rc8 30. d7 Rd8 31. Rxc6 Rxd7 32. Ra6 Kf8 33. Kf2 Ke7 34. Ke2 h5 35. h4 Kf8 36. b4 Ke8 37. Ra5 f6 38. Ra6 Kf7 39. a4 Ke7 40. b5 Kf7 41. a5 Rb7 42. b6 axb6 43. Rxb6 Ra7 44. a6 Ra8 45. Kd3 g5 46. g3 gxh4 47. gxh4 Ke7 48. Kc4 Kd7 49. Rxf6 Ke7 50. Rc6 Kd7 51. Kd5 Ke7 52. Kxe5 Kd7 53. Kd5 Ke7 54. Rh6 Kf7 55. a7 Kg7 56. Ra6 Kf7 57. Kc6 Ke7 58. Kb7 1-0

[Event "ESP-ch U14"]
[Site "Salobrena"]
[Date "2022.07.18"]
[Round "1"]
[White "Luca, Cristian C"]
[Black "Lozano Casasayas, Marc"]
[Result "1-0"]
[WhiteElo "1373"]
[BlackElo "1822"]
[PlyCount "108"]
[EventDate "2022.07.18"]
[EventType "swiss"]
[EventRounds "9"]
[EventCountry "ESP"]
[SourceTitle "EXT 2023"]
[Source "ChessBase"]
[SourceDate "2022.10.05"]
[SourceVersion "1"]
[SourceVersionDate "2022.10.05"]
[SourceQuality "1"]

1. e4 c6 2. d4 d5 3. Nc3 dxe4 4. Nxe4 Nf6 5. Nxf6+ exf6 6. c3 Bd6 7. Bd3 0-0 8. Ne2 Re8 9. 0-0 Qc7 10. Ng3 Be6 11. Qh5 g6 12. Qh6 Bf8 13. Qh4 Nd7 14. Ne4 Qd8 15. Bh6 Bxh6 16. Qxh6 Bf5 17. Rfe1 Bxe4 18. Bxe4 f5 19. Bc2 Nf6 20. Rxe8+ Qxe8 21. Bxf5 Qe2 22. Rb1 Re8 23. h3 Nd5 24. Bg4 Qe4 25. Rd1 Nf4 26. Bf3 Qf5 27. Rf1 g5 28. Bg4 Qd5 29. f3 c5 30. Qf6 cxd4 31. cxd4 Qxd4+ 32. Qxd4 Ne2+ 33. Kh2 Nxd4 34. Rd1 Rd8 35. Bf5 Nxf3+ 36. gxf3 Rxd1 37. Be4 Rd2+ 38. Kg3 Rxb2 39. Bd5 Rb4 40. Be4 a5 41. Kg4 h6 42. Kf5 Kg7 43. Ke5 Rb2 44. Bd5 Rh2 45. Bxb7 Rxh3 46. Kd4 Rh1 47. Kc5 Rb1 48. Ba6 Rb2 49. Bc4 h5 50. Kd4 Rb4 51. a3 Rxc4+ 52. Kxc4 h4 53. Kb5 h3 54. Kxa5 h2 1-0

[Event "Barbera del Valles op 44th"]
[Site "Barbera del Valles"]
[Date "2022.07.09"]
[Round "6"]
[White "Fernandez Climent, Albert"]
[Black "Lozano Casasayas, Marc"]
[Result "0-1"]
[WhiteElo "1859"]
[BlackElo "1822"]
[PlyCount "58"]
[EventDate "2022.07.04"]
[EventType "swiss"]
[EventRounds "9"]
[EventCountry "ESP"]
[SourceTitle "EXT 2023"]
[Source "ChessBase"]
[SourceDate "2022.10.05"]
[SourceVersion "1"]
[SourceVersionDate "2022.10.05"]
[SourceQuality "1"]

1. e4 c6 2. d4 d5 3. e5 c5 4. dxc5 e6 5. Be3 Nd7 6. Bb5 Ne7 7. Bxd7+ Bxd7 8. c3 Nf5 9. Bd4 Nxd4 10. cxd4 b6 11. cxb6 Qxb6 12. b3 Bb4+ 13. Ke2 Qa6+ 14. Ke3 0-0 15. f4 Rac8 16. a4 Rc7 17. Ne2 Rfc8 18. Ra2 f6 19. Qd3 Qxd3+ 20. Kxd3 Be8 21. Na3 a6 22. g4 Bg6+ 23. Ke3 fxe5 24. fxe5 Rf8 25. Rc1 Be4 26. Nc3 Rxc3+ 27. Rxc3 Bxc3 28. Nc2 Rf3+ 29. Ke2 Rh3 0-1